Advanced Solid Mechanics / (Record no. 589937)

000 -LEADER
fixed length control field 00344nam a22001577a 4500
003 - CONTROL NUMBER IDENTIFIER
control field NUST
020 ## - INTERNATIONAL STANDARD BOOK NUMBER
International Standard Book Number 9780367705381
038 ## - RECORD CONTENT LICENSOR
Staff Name khadija
082 ## - DEWEY DECIMAL CLASSIFICATION NUMBER
Classification number 531.2
Author Mark HEJ
100 ## - MAIN ENTRY--PERSONAL NAME
Personal name Hejazi
9 (RLIN) 91808
245 ## - TITLE STATEMENT
Title Advanced Solid Mechanics /
Statement of responsibility, etc. Farzad Hejazi
260 ## - PUBLICATION, DISTRIBUTION, ETC.
Place of publication, distribution, etc. U.K
Name of publisher, distributor, etc. CRC Press
Date of publication, distribution, etc. 2021
300 ## - PHYSICAL DESCRIPTION
Extent p118
563 ## - BINDING INFORMATION
Binding note PB
942 ## - ADDED ENTRY ELEMENTS (KOHA)
Source of classification or shelving scheme
Koha item type Book
Holdings
Withdrawn status Lost status Source of classification or shelving scheme Damaged status Not for loan Permanent Location Current Location Shelving location Date acquired Total Checkouts Full call number Barcode Date last seen Price effective from Koha item type
          School of Mechanical & Manufacturing Engineering (SMME) School of Mechanical & Manufacturing Engineering (SMME) General Stacks 05/24/2022   531.2 HEJ SMME-3748 05/24/2022 05/24/2022 Book
© 2023 Central Library, National University of Sciences and Technology. All Rights Reserved.